Statistics for Common Sense

Click here to take the quiz!

General Stats

  • This quiz has been taken 1,005 times
  • The average score is 7 of 9

Answer Stats

HintAnswer% Correct
Most populated countryChina
95%
Name of this web siteJetpunk
95%
People in the world(2013)billions7
88%
Longest RiverNile
87%
Year world war 2 ended1945
86%
Second most populated countryIndia
83%
Type FinishedFinished
78%
Who started WWIIHitler
75%
Only man made object able to see from spaceGreat wall of china
47%

Score Distribution

Percentile by Number Answered

Percent of People with Each Score

Your Score History

You have not taken this quiz